000 00487nam a2200157 i 4500
001 152040
003 ES-MaACL
005 20230906204515.0
008 981002s1898 fr |||| | fre d
040 _aGA
_bspa
_cCCPB | 3D
100 1 _aBertrand, Alexis.
_928517
245 1 2 _aL'enseignement intégral /
_cpar Alexis Bertrand.
260 _aParis :
_bFélix Alcan,
_c1898 (
_eChartres :
_fImprimerie Durand)
300 _a288 p. ;
_c22 cm.
852 _aES-MaACL
_jB-6207
_z-- Enc. hol.
999 _c152040
_d152040